00422cam a2200157ua 45000010005000000080039000050400009000440820013000531000035000662450055001012500009001562600032001653000017001976530019002146530031002332718110908n ii |||gr||||Z||||||asm cMAIN a891.4512 aBaruah, Satya Prasad,eAuthor.11aNatak aru abhinoy prasangacby Satya Prasad Baruah a3rd. aGuahati:bGranthapeeth,983. a290p:c23cm. aAssamese drama aNatak aru abhinoy prasanga